000 00914nam a2200265 a 4500
005 20230405110117.0
008 230405s2012 enk 000 0 eng d
020 _a9781857513431 (pbk.)
035 _a(StEdALDL)1/2738512
040 _aStEdALDL
041 _aeng
245 0 0 _aHealth, safety and environment test :
_bfor operatives and specialists : all the questions and answers for tests taken from April 2012.
250 _aRev. ed.
260 _aKing's Lynn :
_bCITB-ConstructionSkills,
_c2012.
300 _aii, 224 p. ;
_c21 cm.
500 _aPrevious ed.: 2007.
500 _aPublisher's no.: GT 100/12.
650 0 _aConstruction industry
_zGreat Britain.
650 0 _aConstruction industry
_zGreat Britain
_xSafety measures
651 _aUnited Kingdom
710 2 _aCITB-ConstructionSkills.
942 _n0
999 _c121456
_d121456